00835nam a22001937a 4500999001900000005001700019020002600036035001300062037001700075082001200092100001900104245014300123260003300266270004400299300002100343500009300364942002600457952015800483 c182044d18204420221018142527.0 a9789390906642c275.00 aB-746017 bPrabhat Exam a347.035 aAgrawal, P.K.. a85 Landmark Supreme court judgments:cP.K.Agrawalbfor UPSC civil services prelims, mains and interview, state PCS CLAT & Judiciary exams/ aNew DelhibPrabhat Prakashan a4/19, Asaf Ali Road,bNew Delhie110002 a260p.c22cm(pbk) aFor upsc civil services prelims, mains and interview, state pcs, clat & judiciary exams 2ddccENmAGRh347.035 001040708NFICaLbLd2022-10-18e6.10.22/Giftg275.00l16m12o347.035 AGRpB-746017r2025-08-20 00:00:00s2025-06-24t1v275.00w2022-10-18yENzGift